|
|
|
|
| LEADER |
03434nam a22005415i 4500 |
| 001 |
978-1-4614-2164-1 |
| 003 |
DE-He213 |
| 005 |
20151103141040.0 |
| 007 |
cr nn 008mamaa |
| 008 |
120222s2012 xxu| s |||| 0|eng d |
| 020 |
|
|
|a 9781461421641
|9 978-1-4614-2164-1
|
| 024 |
7 |
|
|a 10.1007/978-1-4614-2164-1
|2 doi
|
| 040 |
|
|
|d GrThAP
|
| 050 |
|
4 |
|a RC1-1245
|
| 072 |
|
7 |
|a MJ
|2 bicssc
|
| 072 |
|
7 |
|a MED045000
|2 bisacsh
|
| 082 |
0 |
4 |
|a 616
|2 23
|
| 245 |
1 |
0 |
|a Handbook of Parathyroid Diseases
|h [electronic resource] :
|b A Case-Based Practical Guide /
|c edited by Aliya A. Khan, MD, Orlo H. Clark.
|
| 264 |
|
1 |
|a Boston, MA :
|b Springer US,
|c 2012.
|
| 300 |
|
|
|a XV, 280 p. 54 illus., 47 illus. in color.
|b online resource.
|
| 336 |
|
|
|a text
|b txt
|2 rdacontent
|
| 337 |
|
|
|a computer
|b c
|2 rdamedia
|
| 338 |
|
|
|a online resource
|b cr
|2 rdacarrier
|
| 347 |
|
|
|a text file
|b PDF
|2 rda
|
| 505 |
0 |
|
|a Preface -- Foreward -- Mechanisms Underlying Extracellular Calcium Homeostasis -- Preoperative Parathyroid Imaging For the Endocrine Surgeon -- Primary and secondary hyperparathyroidism Testing and Assays -- Symptomatic Primary Hyperparathyroidism Medical therapy -- Surgical Management of Primary Hyperparathyroidism -- Primary Hyperparathyroidism - Asymptomatic Medical Management -- Surgical Management of Asymptomatic Primary Hyperparathyroidism -- Nonclassic, Extraskeletal Manifestations of Primary Hyperparathyroidism: A Brief Review and Possible Mechanisms -- Secondary Hyperparathyroidism -- Secondary Hyperparathyroidism – Surgical -- Tertiary Hyperparathyroidism Part I: Pathogenesis, Clinical Features and Medical Management -- Surgical Treatment Of Persistent Hyperparathyroidism After Renal Transplantation -- Bone Density and Fracture Risk in Primary Hyperparathyroidism.-Genetic aspects of Hereditary Hyperparathyroidism -- Hypoparathyroidism and Hypocalcemic states -- Molecular Pathogenesis of Primary Hyperparathyroidism -- Cost-effectiveness of Parathyroidectomy for Primary Hyperparathyroidism.
|
| 520 |
|
|
|a The Handbook of Parathyroid Diseases presents a comprehensive and concise overview of our current knowledge in the area of parathyroid function, hormone regulation and disease states. The Handbook educates the reader using a case-based approach presenting current evidence in the field. The material is presented in an easy to read and understandable language and uses a plethora of tables and text boxes where possible. Complex concepts are conveyed in simple and clear language. Leading international experts contribute to this state of the art book providing a true depth of knowledge and practicality.
|
| 650 |
|
0 |
|a Medicine.
|
| 650 |
|
0 |
|a Radiology.
|
| 650 |
|
0 |
|a Internal medicine.
|
| 650 |
|
0 |
|a Endocrinology.
|
| 650 |
|
0 |
|a Geriatrics.
|
| 650 |
|
0 |
|a Primary care (Medicine).
|
| 650 |
|
0 |
|a Surgery.
|
| 650 |
1 |
4 |
|a Medicine & Public Health.
|
| 650 |
2 |
4 |
|a Internal Medicine.
|
| 650 |
2 |
4 |
|a Endocrinology.
|
| 650 |
2 |
4 |
|a Surgery.
|
| 650 |
2 |
4 |
|a Imaging / Radiology.
|
| 650 |
2 |
4 |
|a Geriatrics/Gerontology.
|
| 650 |
2 |
4 |
|a Primary Care Medicine.
|
| 700 |
1 |
|
|a Khan, MD, Aliya A.
|e editor.
|
| 700 |
1 |
|
|a Clark, Orlo H.
|e editor.
|
| 710 |
2 |
|
|a SpringerLink (Online service)
|
| 773 |
0 |
|
|t Springer eBooks
|
| 776 |
0 |
8 |
|i Printed edition:
|z 9781461421634
|
| 856 |
4 |
0 |
|u http://dx.doi.org/10.1007/978-1-4614-2164-1
|z Full Text via HEAL-Link
|
| 912 |
|
|
|a ZDB-2-SME
|
| 950 |
|
|
|a Medicine (Springer-11650)
|